| 000 | 00600nam a22002177a 4500 | ||
|---|---|---|---|
| 003 | OSt | ||
| 005 | 20140310182818.0 | ||
| 008 | 130302t xxu||||| |||| 00| 0 eng d | ||
| 020 | _a9780070164840 | ||
| 050 |
_aQC 981 _b.D145 2008 |
||
| 082 |
_aM 363.73874 _b.D145 2008 |
||
| 245 |
_aClimate change basics : _b24 lessons revealing the fundamentals _cDallas, Nick |
||
| 260 |
_aNorth Ryde, N.S.W. _bMcGraw-Hill _c 2008 |
||
| 300 |
_avii, 64 p. _c22 cm |
||
| 521 | _acollege students | ||
| 526 | _c1210L-1700L | ||
| 541 | _j1 | ||
| 541 | _j2 | ||
| 562 | _e2 | ||
| 942 |
_2lcc _cBK _kM |
||
| 999 |
_c16330 _d16330 |
||